Microeconomics : (Record no. 9097)

MARC details
000 -LEADER
fixed length control field 00772pam a2200241 a 4500
001 - CONTROL NUMBER
control field 4834677
003 - CONTROL NUMBER IDENTIFIER
control field OSt
005 - DATE AND TIME OF LATEST TRANSACTION
control field 20240709104554.0
008 - FIXED-LENGTH DATA ELEMENTS--GENERAL INFORMATION
fixed length control field 900126s1991 nyua b 001 0 eng
010 ## - LIBRARY OF CONGRESS CONTROL NUMBER
LC control number 90031462
020 ## - INTERNATIONAL STANDARD BOOK NUMBER
International Standard Book Number 0393960366
040 ## - CATALOGING SOURCE
Original cataloging agency DDC
Transcribing agency MUST
082 00 - DEWEY DECIMAL CLASSIFICATION NUMBER
Classification number 338.5 MAN 1991
Edition number 19
100 1# - MAIN ENTRY--PERSONAL NAME
Personal name Mansfield, Edwin.
9 (RLIN) 18511
245 10 - TITLE STATEMENT
Title Microeconomics :
Remainder of title theory, applications /
Statement of responsibility, etc. Edwin Mansfield.
250 ## - EDITION STATEMENT
Edition statement 7th ed.
260 ## - PUBLICATION, DISTRIBUTION, ETC. (IMPRINT)
Place of publication, distribution, etc. New York :
Name of publisher, distributor, etc. Norton,
Date of publication, distribution, etc. c1991.
300 ## - PHYSICAL DESCRIPTION
Extent v. (various pagings) :
Other physical details ill. ;
Dimensions 25 cm.
504 ## - BIBLIOGRAPHY, ETC. NOTE
Bibliography, etc Includes bibliographical references and index.
650 #0 - SUBJECT ADDED ENTRY--TOPICAL TERM
Topical term or geographic name as entry element Microeconomics.
9 (RLIN) 4398
942 ## - ADDED ENTRY ELEMENTS (KOHA)
Source of classification or shelving scheme Dewey Decimal Classification
Koha item type Open Shelf
Holdings
Withdrawn status Lost status Source of classification or shelving scheme Damaged status Not for loan Home library Current library Source of acquisition Inventory number Total Checkouts Full call number Barcode Date last seen Koha item type
    Dewey Decimal Classification     MUST Main Library MUST Main Library Purchase 05/24192   338.5 MAN 1991 2024-21845 09/07/2024 Open Shelf